| 000 -ლიდერი |
| ფიქსირებული სიგრძის საკონტროლო ველი |
01150nam a22002057a 4500 |
| 003 - საკონტროლო ნომრის იდენტიფიკატორი |
| საკონტროლო ველი |
Ge_BSU |
| 005 - ბოლო ოპერაციის თარიღი და დრო |
| საკონტროლო ველი |
20251218150231.0 |
| 008 - ფიქსირებული სიგრძის მონაცემთა ელემენტები - ზოგადი ინფორმაცია |
| ფიქსირებული სიგრძის საკონტროლო ველი |
251218s2025 ge ||||| |||| 00| 0 geo d |
| 020 ## - წიგნის საერთაშორისო სტანდარტული ნომერი |
| International Standard Book Number |
9789941500541 |
| 041 ## - ენის კოდი |
| Language code of text/sound track or separate title |
geo |
| 080 ## - უნივერსალური ათობითი კლასიფიკაციის ინდექსი |
| Universal Decimal Classification number |
821.353.1-09 შ-18 |
| 100 ## - მთავარი ჩანაწერი - პიროვნების სახელი |
| Personal name |
შაინიძე, ჟუჟუნა |
| 9 (RLIN) |
9131 |
| 245 ## - ცნობა სათაურის შესახებ |
| Title |
ცის გახსნის მისტერიები : |
| Remainder of title |
ნარკვევები, წერილები, ესეები / |
| Statement of responsibility, etc |
ჟუჟუნა შაინიძე; რედ. მ. მთვარელიძე; მხატვარინ. ნაირა ნარი დანელია შანდელი. |
| 264 ## - წარმოების, გამოცემის, დისტრიბუციის და სხვა ცნობები |
| გამოცემის, წარმოების, დისტრიბუციის... ადგილი |
ბათუმი: |
| გამოცემის, წარმოების, დისტრიბუციის... სახელწოდება |
გამომცემლობა აჭარა, |
| გამოცემის, წარმოების, დისტრიბუციის... თარიღი |
2025. |
| 300 ## - ფიზიკური აღწერა |
| Extent |
272 გვ.; |
| Other physical details |
20 სმ. |
| 504 ## - BIBLIOGRAPHY, ETC. NOTE |
| Bibliography, etc |
ბიბლიოგრაფია ტექსტების ბოლოს
|
| 700 ## - ADDED ENTRY--PERSONAL NAME |
| Personal name |
მთვარელიძე, მ. |
| Relator term |
რედაქტორი |
| 9 (RLIN) |
26553 |
| 700 ## - ADDED ENTRY--PERSONAL NAME |
| Personal name |
დანელია შანდელი, ნაირა ნარი |
| Relator term |
მხატვარი |
| 9 (RLIN) |
26554 |
| 942 ## - ADDED ENTRY ELEMENTS (KOHA) |
| Source of classification or shelving scheme |
|
| Koha item type |
წიგნი |